000
00290nam a22001337a 4500
008
170801b xxu||||| |||| 00| 0 eng d
020
_a
752063324455
041
_a
eng
080
_2
2ND
_a
004
100
_a
32
101
_a
SHK
245
_a
ASP.NET IN 21 DAYS
_c
PAYNE,CH
942
_2
udc
_c
BK
999
_c
22442
_d
22442